| 000 | 00585nam a22001577a 4500 | ||
|---|---|---|---|
| 008 | 160217b xxu||||| |||| 00| 0 eng d | ||
| 082 |
_a709.2 _bF628p |
||
| 100 |
_aPedro Figari _94724 |
||
| 110 |
_aMuseo Municipal de Bellas Artes Juan Manuel Blanes. _94725 |
||
| 245 |
_aPedro Figari, 1861-1938. _cPedro Figari |
||
| 260 |
_aMontevideo _bMuseo Municipal de Bellas Artes Juan Manuel Blanes _c1999 |
||
| 300 |
_a57 p _b illustrations (some color) _c25 cm |
||
| 600 |
_aPedro Figari _94726 |
||
| 650 |
_aExhibiciones _vBiografia _yArte Contemporaneo _zUruguay _94727 |
||
| 700 |
_aPedro Figari _94728 |
||
| 999 |
_c857 _d857 |
||